A Study of the Bronze Age Metalwork from the Iberian Peninsula in the British Museum / by Richard J. Harrison and Paul T. Craddock ; with an appendix by Michael J. Hugues
Descripción Física:
p. 113-179 : il. ; 27 cm
Colección:
Monografies ; 64
Otros Autores:
Institut de Prehistòria i Arqueologia (Barcelona)
,
Craddock, Paul T.
,
Hugues, Michael J.
Materias:
Edat del bronze -- Península Ibèrica
MARC
| LEADER | 00000nam a2200000Ia 4500 | ||
|---|---|---|---|
| 001 | 7836 | ||
| 008 | 160829s1981 xx 000 0 cat d | ||
| 080 | |a H-2-95 | ||
| 100 | |a Harrison, Richard J. |9 35115 | ||
| 245 | 2 | |a A Study of the Bronze Age Metalwork from the Iberian Peninsula in the British Museum / by Richard J. Harrison and Paul T. Craddock ; with an appendix by Michael J. Hugues | |
| 260 | |a Barcelona : |b Diputació. Institut de Prehistòria i Arqueologia, |c 1981 | ||
| 300 | |a p. 113-179 : |b il. ; |c 27 cm | ||
| 490 | |a Monografies ; 64 | ||
| 590 | |a Separata d'Ampurias ; 43. | ||
| 590 | |a Bibliografia | ||
| 650 | |a Edat del bronze |x Península Ibèrica |9 34033 | ||
| 700 | |a Institut de Prehistòria i Arqueologia (Barcelona) | ||
| 700 | |a Craddock, Paul T. |9 35116 | ||
| 700 | |a Hugues, Michael J. |9 35117 | ||
| 901 | |a Arxiu | ||
| 942 | |n 1 | ||
| 952 | |0 0 |1 0 |4 0 |6 H295 |7 1 |9 46770 |a Arxiu |b Arxiu |d 2016-12-01 |l 0 |o H-2-95 |p 7836 |r 2016-12-01 00:00:00 |w 2016-12-01 |y ARXIU | ||
| 999 | |c 50563 |d 50563 | ||